| 000 | 00688nam a2200217 a 4500 | ||
|---|---|---|---|
| 999 |
_c4428 _d4428 |
||
| 001 | 4428 | ||
| 003 | BD-JhCC | ||
| 005 | 20171127163227.0 | ||
| 008 | 171127s1966 bg ||||| |||| 00| 0 ben d | ||
| 035 | _a(BD-JhCC) | ||
| 040 |
_aBD-JhCC _dBD-JhCC |
||
| 041 | _aben | ||
| 082 |
_a891.4409 _bSHA 1966 |
||
| 100 | _aআহমদ, শরীফ, সম্পাদিত | ||
| 245 |
_aশা'বারিদ খান গ্রন্থাবলী / _cআহমদ শরীফ সম্পাদিত |
||
| 260 |
_aঢাকা : _bবাংলা একাডেমী, _c১৯৬৬ |
||
| 300 |
_a196 p. : _c22cm. |
||
| 650 | _aBengli Literature | ||
| 942 |
_2ddc _cBK |
||